II. Rákóczi Ferenc Szabolcs és Szatmár vármegyékben : 1703. július 18 - október 15 /

Uložené v:
Podrobná bibliografia
Hlavný autor: Balogh, István, 1912-2007 (Author)
Médium: Kniha
Jazyk:Hungarian
Vydané: Nyíregyháza : Szabolcs-Szatmár Megyei Levéltár, 1976.
Edícia:Szabolcs-Szatmár Megyei Levéltár kiadványai
Fyzický popis: 20 strán + príloha
Tagy: Pridať tag
Žiadne tagy, Buďte prvý kto otaguje tento záznam!

MARC

LEADER 00000nam a22000002i 4500
001 000728811
005 20250411113642.0
008 250411s1976 hu e 000 0 hun d
020 |q (brožované) 
040 |a SVKKK  |b slo  |c SVKKK  |e rda 
041 0 |a hun 
044 |a hu  |c HU 
100 1 |a Balogh, István,  |d 1912-2007  |4 aut 
245 1 0 |a II. Rákóczi Ferenc Szabolcs és Szatmár vármegyékben :  |b 1703. július 18 - október 15 /  |c Balogh István. 
264 1 |a Nyíregyháza :  |b Szabolcs-Szatmár Megyei Levéltár,  |c 1976. 
300 |a 20 strán  |e + príloha 
336 |a text  |b txt  |2 rdacontent 
337 |a bez média  |b n  |2 rdamedia 
338 |a zväzok  |b nc  |2 rdacarrier 
490 1 |a Szabolcs-Szatmár Megyei Levéltár kiadványai 
500 |a Záznam revízie 
830 0 |a Szabolcs-Szatmár Megyei Levéltár kiadványai 
910 |a svkkk 
998 |a BK 
090 |g SCKHL  |k Sklad Pribinova 3. posch.  |a V.125884  |j 639983  |i 2720976572  |s Absenčne